Codex alimentarius : etiquetado de los alimentos, textos completos. /
Guardado en:
| Autores Corporativos: | , |
|---|---|
| Formato: | Libro |
| Idioma: | Spanish |
| Publicado: |
Roma. :
FAO : OMS,
1999.
|
| Etiquetas: |
Agregar Etiqueta
Sin Etiquetas, Sea el primero en etiquetar este registro!
|
| LEADER | 00742nam a22002055a 4500 | ||
|---|---|---|---|
| 001 | EEA.libagro006607 | ||
| 005 | 20180615122908.0 | ||
| 008 | 130809s1999####it############000#0#spa#d | ||
| 020 | |a 9253041420 | ||
| 022 | |a 1020-2579 | ||
| 082 | 0 | 4 | |a 641.564 |
| 082 | 0 | 4 | |a 641.3 |
| 082 | 0 | 4 | |a 614.3 |
| 245 | 1 | 0 | |a Codex alimentarius : |b etiquetado de los alimentos, textos completos. / |c FAO. |
| 260 | |a Roma. : |b FAO : |b OMS, |c 1999. | ||
| 300 | |a 63 p. ; |c 21 cm. | ||
| 500 | |a Programa Conjunto FAO/OMS sobre Normas Alimentarias. Comisión del Codex Alimentarius. | ||
| 710 | 2 | |a Organización de las Naciones Unidas para la Agricultura y la Alimentación. | |
| 710 | 2 | |a Organización Mundial de la Salud. | |
| 859 | |a AR-BbBCA |b BIB. AGRONOMIA |h 641.564 |i F218 |p 2000/3973 | ||
